| 000 | 00760nam a2200253 i 4500 | ||
|---|---|---|---|
| 001 | 10205 | ||
| 003 | ES-MaACL | ||
| 005 | 20250814084942.0 | ||
| 007 | t| | ||
| 008 | 950321s1993 sp ||||1| spa d | ||
| 020 | _a84-7509-887-8 | ||
| 080 | _a791.43-252 | ||
| 100 | 1 |
_aBassa, Joan. _926300 |
|
| 245 | 1 | 3 |
_aEl cine de ciencia ficción _b: una aproximación / _cJoan Bassa, Ramón Freixas. |
| 250 | _a1ª ed. | ||
| 260 |
_aBarcelona : _bPaidós Ibérica, _c1993. |
||
| 300 |
_a204 p., [16] p. de lám. ; _c20 cm. |
||
| 490 | 1 |
_aPaidós studio ; _v101 |
|
| 650 | 7 |
_aCine de ciencia ficción _2embne _911031 |
|
| 700 | 1 |
_aFreixas, Ramón. _952487 |
|
| 830 | 0 |
_aPaidós studio ; _v101 _9178141 |
|
| 852 |
_aES-MaACL _jL-17615 |
||
| 999 |
_c10205 _d10205 |
||